<?xml version="1.0" encoding="UTF-8"?><?xml-stylesheet type="text/xsl" href="static/style.xsl"?><OAI-PMH xmlns="http://www.openarchives.org/OAI/2.0/" xmlns:xsi="http://www.w3.org/2001/XMLSchema-instance" xsi:schemaLocation="http://www.openarchives.org/OAI/2.0/ http://www.openarchives.org/OAI/2.0/OAI-PMH.xsd"><responseDate>2026-04-19T06:34:36Z</responseDate><request verb="GetRecord" identifier="oai:riubu.ubu.es:10259/7479" metadataPrefix="marc">https://riubu.ubu.es/oai/request</request><GetRecord><record><header><identifier>oai:riubu.ubu.es:10259/7479</identifier><datestamp>2023-04-17T11:18:40Z</datestamp><setSpec>com_10259_5822</setSpec><setSpec>com_10259_5086</setSpec><setSpec>com_10259_2604</setSpec><setSpec>com_10259_3843</setSpec><setSpec>com_10259_3591</setSpec><setSpec>com_10259.4_106</setSpec><setSpec>col_10259_5823</setSpec><setSpec>col_10259_6162</setSpec></header><metadata><record xmlns="http://www.loc.gov/MARC21/slim" xmlns:doc="http://www.lyncode.com/xoai" xmlns:xsi="http://www.w3.org/2001/XMLSchema-instance" xmlns:dcterms="http://purl.org/dc/terms/" xsi:schemaLocation="http://www.loc.gov/MARC21/slim http://www.loc.gov/standards/marcxml/schema/MARC21slim.xsd">
<leader>00925njm 22002777a 4500</leader>
<datafield tag="042" ind1=" " ind2=" ">
<subfield code="a">dc</subfield>
</datafield>
<datafield tag="720" ind1=" " ind2=" ">
<subfield code="a">Perez Antolin, Daniel</subfield>
<subfield code="e">author</subfield>
</datafield>
<datafield tag="720" ind1=" " ind2=" ">
<subfield code="a">Irastorza, Cristina</subfield>
<subfield code="e">author</subfield>
</datafield>
<datafield tag="720" ind1=" " ind2=" ">
<subfield code="a">González, Sara</subfield>
<subfield code="e">author</subfield>
</datafield>
<datafield tag="720" ind1=" " ind2=" ">
<subfield code="a">Moreno, Rebeca</subfield>
<subfield code="e">author</subfield>
</datafield>
<datafield tag="720" ind1=" " ind2=" ">
<subfield code="a">García-Quismondo, Enrique</subfield>
<subfield code="e">author</subfield>
</datafield>
<datafield tag="720" ind1=" " ind2=" ">
<subfield code="a">Palma, Jesús</subfield>
<subfield code="e">author</subfield>
</datafield>
<datafield tag="720" ind1=" " ind2=" ">
<subfield code="a">Lado, Julio J.</subfield>
<subfield code="e">author</subfield>
</datafield>
<datafield tag="720" ind1=" " ind2=" ">
<subfield code="a">Ventosa Arbaizar, Edgar</subfield>
<subfield code="e">author</subfield>
</datafield>
<datafield tag="260" ind1=" " ind2=" ">
<subfield code="c">2022-07</subfield>
</datafield>
<datafield tag="520" ind1=" " ind2=" ">
<subfield code="a">Demand of lithium is expected to increase drastically in coming years driven by the market penetration of electric&#xd;
vehicles powered by Li-ion batteries, which will require faster and more efficient Li extraction technologies than&#xd;
conventional ones (evaporation in brines). The Electrochemical Ion Pumping Cell (EIPC) technology based on the&#xd;
use of Faradaic materials is one of the most promising approaches. However, its relatively short lifespan prevents&#xd;
its commercial deployment. Herein, a new EIPC concept based on the use of semi-solid electrodes is proposed for&#xd;
the first time, which takes advantage of the rheological characteristics of semi-solid electrodes that enable simple&#xd;
and cheap regeneration of the Regenerative Electrochemical Ion Pumping Cell (REIPC) systems after reaching its&#xd;
end-of-life. A proof-of-concept for REIPC is accomplished by simple replacement of the semi-solid electrode&#xd;
demonstrating a remarkable electrochemical performance (e.g. 99.87%cycle− 1&#xd;
, 99.98%h− 1&#xd;
, 3–4 mAh cm− 2&#xd;
)&#xd;
along with a competitive ion separation (e.g. 16.2 mgLi⋅gNiHCF− 1&#xd;
, 4 gLi m− 2 and 15.6 Wh⋅mol− 1&#xd;
). The use of semisolid electrode offers other unique features such as a significant cost reduction of 95% for every regeneration&#xd;
regarding conventional EIPC, proving that REIPC concept successfully addresses the issues associated to the&#xd;
sustainability and recyclability of the conventional EIPC's for lithium capturing.</subfield>
</datafield>
<datafield tag="024" ind2=" " ind1="8">
<subfield code="a">0011-9164</subfield>
</datafield>
<datafield tag="024" ind2=" " ind1="8">
<subfield code="a">http://hdl.handle.net/10259/7479</subfield>
</datafield>
<datafield tag="024" ind2=" " ind1="8">
<subfield code="a">10.1016/j.desal.2022.115764</subfield>
</datafield>
<datafield ind1=" " ind2=" " tag="653">
<subfield code="a">Ion separation</subfield>
</datafield>
<datafield ind1=" " ind2=" " tag="653">
<subfield code="a">Electrochemical methods</subfield>
</datafield>
<datafield ind1=" " ind2=" " tag="653">
<subfield code="a">Intercalation materials</subfield>
</datafield>
<datafield ind1=" " ind2=" " tag="653">
<subfield code="a">Semi-solid electrodes</subfield>
</datafield>
<datafield ind1=" " ind2=" " tag="653">
<subfield code="a">Ion pumping</subfield>
</datafield>
<datafield tag="245" ind1="0" ind2="0">
<subfield code="a">Regenerative electrochemical ion pumping cell based on semi-solid electrodes for sustainable Li recovery</subfield>
</datafield>
</record></metadata></record></GetRecord></OAI-PMH>